000 00963nam a22002297a 4500
005 2010083008028.0
010 _aMAR-20247
020 _c100.00
_a9788190577695
035 _aMR-12905
037 _bDBAD / PUB
082 _a363.7
100 _aढोमणे,शिल्पा
_919534
245 _aपर्यावरण आणि प्रवृती/
_cशिल्पा ढोमणे
246 _aParyavaran Aani Pravtuttee
_bby Shilpa Dhomne
260 _aअमरावती
_bनभप्रकाशन
_c2010
270 _aशाम नगर,कॉंगैस नगर रोड
_bअमरावती
300 _a88पृ
_c21सेमी (अजिल्द)
700 _917934
700 _919411
942 _2ddc
_cMR
_mढोमणे
_h363.7
999 _c45178
_d45178